000 00372nam a2200145Ia 4500
008 231129s1995||||xx |||||||||||||| ||spa||
020 _a958-9096-27-1
040 _bspa
082 _a793.4 A681j
100 _aArenas Fernando
245 0 _aJuego y recreo
260 _c1995
264 _aTres Culturas Editores
942 _2ddc
_cBKS
999 _c16234
_d16234